Political Ideologies/Governments - Statistics

General Stats
  • This quiz has been taken 456 times
    444 since last reset
  • The average score is 13 of 16
Answer Stats
Hint Answer % Correct
A theory of a classless society, where goods and distributed. Created by Karl Marx. Communism
98%
A belief in private ownership of goods, and selling goods and services for profit. Capitalism
91%
A belief where there is no government, and individuals rule themselves. Anarchy
90%
A state that is ruled entirely by a king or queen usually until their death. Power is inherited. Monarchy
89%
A belief in strong national pride, and being proud of a certain nation. Nationalism
89%
Believing that wealth should be redistributed, and the government should control industry. Socialism
88%
A system of government by the whole population or all the eligible members of a state, typically through elected representatives. Democracy
87%
A political movement based on one person or group having total power, and general censorship of the media. Seen in Italy during WWII. Fascism
87%
A belief that anyone native born in Germany to German parents are rascally superior, and advocates anti-semitism. Nazism
87%
Believing that women should receive equal rights to men on the basis of gender equality. Feminism
84%
A state where power is held entirely by one person, usually through military might, and fear. Dictatorship
77%
Belief that your nation's values and borders should be expanded through military might. Imperialism
77%
A government controlled mainly by priests, and clergy who claim to rule on behalf of god. Theocracy
73%
A belief that the world should unite and be controlled under a one earth government. Globalism
59%
Believing that a nation should not intervene in foreign matters, and only worry about themselves. Isolationism
58%
A state where the government is controlled or highly influenced by the wealthy, and upper class. Aristocracy
42%
No matching quizzes found
Score Distribution
Percent of People with Each Score
Percentile by Number Answered
Your Score History
You have not taken this quiz since the last reset